Kanye West - No Mistakes - Lyrics - Statistics

General Stats
  • This quiz has been taken 26 times
  • The average score is 151 of 202
Answer Stats
Hint Answer % Correct
girl,
100%
I
100%
love
100%
Chorus | Chorus 6x Make
100%
make
100%
mistake,
100%
no
100%
still
100%
you,
100%
you
100%
a
88%
it
88%
of
88%
the
88%
The
88%
in
82%
let
82%
Let
82%
my
82%
on
82%
Verse Take
82%
take
82%
all
76%
ass
76%
been
76%
Intro Believe
76%
(Believe
76%
got
76%
lost,
76%
me
76%
me,
76%
not,
76%
not)
76%
off,
76%
off
76%
off"
76%
or
76%
sun
76%
to
76%
year,
76%
Ain't
71%
And
71%
clear,
71%
come
71%
dirt
71%
from
71%
gloves
71%
its
71%
name,
71%
shaky
71%
this
71%
top
71%
advice
65%
beard,
65%
but
65%
dont
65%
less
65%
so
65%
successful
65%
than
65%
too
65%
Too
65%
we
65%
down,
59%
high
59%
people
59%
school
59%
see
59%
that
59%
turn
59%
"Turn
59%
was
59%
white
59%
bitch
53%
grown
53%
had
53%
Had
53%
light
53%
right
53%
up
53%
wrongs
53%
y'all
53%
again,
47%
already
47%
books,
47%
Cube,
47%
cubs
47%
dogs
47%
dogs,
47%
For
47%
Ice
47%
mad
47%
skin.
47%
they
47%
two
47%
until
47%
bold
41%
Calm
41%
fight
41%
like
41%
rich
41%
tell
41%
These
41%
told,
41%
truth
41%
will
41%
close
35%
club
35%
debt
35%
Plus
35%
snipe
29%
soul
29%
stayed
29%
true
29%
type
29%
snubs
24%
No matching quizzes found
Score Distribution
Percent of People with Each Score
Percentile by Number Answered
Your Score History
You have not taken this quiz